[Event "Copenhagen Chess Challenge 2016"]
[Site "Ballerup"]
[Date "2016.04.22"]
[Round "5"]
[White "Stuhr, Peter Sebastian"]
[Black "Hentley, Darryl"]
[Result "1-0"]
[WhiteElo "1957"]
[BlackElo "1666"]
[PlyCount "95"]
[EventDate "2016.04.20"]
[EventType "swiss"]
[EventRounds "9"]
[EventCountry "DEN"]

1. e4 e5 2. Nc3 f5 3. Bc4 Nf6 4. f4 exf4 5. e5 Ne4 6. Nxe4 fxe4 7. Qe2 d5 8.
exd6 Bf5 9. Bd5 Bxd6 10. Bxe4 Bxe4 11. Qxe4+ Qe7 12. Qxe7+ Bxe7 13. Nf3 Nc6 14.
c3 g5 15. h3 O-O-O 16. d4 Rde8 17. Kd1 Rhg8 18. Kc2 Bf6 19. Kd3 Ne7 20. Bd2 h5
21. Rae1 Nf5 22. Rxe8+ Rxe8 23. Re1 Ne3 24. Bxe3 fxe3 25. Rxe3 Rxe3+ 26. Kxe3
Kd7 27. Ke4 g4 28. hxg4 hxg4 29. Ne5+ Bxe5 30. Kxe5 g3 31. c4 b6 32. b4 a6 33.
Kf4 Ke6 34. d5+ Kd6 35. Kxg3 b5 36. c5+ Kxd5 37. Kf4 Kc4 38. g4 Kxb4 39. g5
Kxc5 40. g6 Kb4 41. g7 c5 42. g8=Q c4 43. Qf8+ Ka4 44. Ke3 b4 45. Qc5 c3 46.
Kd3 a5 47. Kc2 b3+ 48. axb3# 1-0

[Event "Copenhagen Chess Challenge 2016"]
[Site "Ballerup"]
[Date "2016.04.22"]
[Round "5"]
[White "Kallenbach, Uffe"]
[Black "Marthedal, Anton Mehmet Yildiz"]
[Result "0-1"]
[WhiteElo "1694"]
[BlackElo "1941"]
[PlyCount "68"]
[EventDate "2016.04.20"]
[EventType "swiss"]
[EventRounds "9"]
[EventCountry "DEN"]

1. d4 d5 2. Nf3 Nf6 3. c4 dxc4 4. e3 Bg4 5. Bxc4 e6 6. Nbd2 c5 7. Qa4+ Nbd7 8.
Ne5 a6 9. Nxg4 Nxg4 10. Qd1 Ngf6 11. Nf3 Rc8 12. Bd3 Bd6 13. O-O O-O 14. Bd2
cxd4 15. exd4 Qb6 16. Bc3 Nd5 17. Ng5 N7f6 18. Qf3 Nxc3 19. bxc3 Rxc3 20. Nxh7
Qxd4 21. Nxf6+ Qxf6 22. Qe4 Qh6 23. g3 Rd8 24. Be2 b5 25. Qb7 Ra3 26. Qb6 Be7
27. Qa7 Bf6 28. Rad1 Rxa2 29. Rxd8+ Bxd8 30. Bxb5 Qd2 31. Bxa6 Qd6 32. Rc1 Rxa6
33. Qb7 Rb6 34. Qa8 Rb8 0-1

[Event "Copenhagen Chess Challenge 2016"]
[Site "Ballerup"]
[Date "2016.04.23"]
[Round "6"]
[White "Hector, Jonny"]
[Black "Andersen, Mads"]
[Result "1-0"]
[WhiteElo "2493"]
[BlackElo "2504"]
[PlyCount "93"]
[EventDate "2016.04.20"]
[EventType "swiss"]
[EventRounds "9"]
[EventCountry "DEN"]

1. e4 e6 2. d4 d5 3. Nc3 Nf6 4. Bg5 Bb4 5. exd5 Qxd5 6. Bxf6 gxf6 7. Qd2 Qa5 8.
Nge2 Nd7 9. g3 Nb6 10. Bg2 Bd7 11. O-O Nc4 12. Qf4 Be7 13. Ne4 f5 14. Nc5 Bxc5
15. dxc5 Qxc5 16. b4 Qxb4 17. Rab1 Qc5 18. Rxb7 Rc8 19. Rb3 e5 20. Qh4 Be6 21.
Rd1 Qe7 22. Bc6+ Kf8 23. Qh6+ Kg8 24. Bd5 Qf8 25. Qh4 Nd6 26. c4 Bxd5 27. Rxd5
f6 28. c5 Ne4 29. Rbd3 h5 30. Qh3 Nxc5 31. Rxc5 Qxc5 32. Qxf5 Qf8 33. Qe6+ Kg7
34. Rd7+ Kg6 35. g4 Kg5 36. Qf5+ Kh4 37. Nd4 exd4 38. Rxd4 Rd8 39. Re4 Re8 40.
Rf4 Re1+ 41. Kg2 Qa8+ 42. f3 Re2+ 43. Kf1 Re1+ 44. Kxe1 Kh3 45. g5+ Kg2 46.
Qc2+ Kh3 47. Kf1 1-0

[Event "Copenhagen Chess Challenge 2016"]
[Site "Ballerup"]
[Date "2016.04.23"]
[Round "6"]
[White "Haubro, Martin"]
[Black "Getz, Nicolai"]
[Result "1-0"]
[WhiteElo "2345"]
[BlackElo "2408"]
[PlyCount "67"]
[EventDate "2016.04.20"]
[EventType "swiss"]
[EventRounds "9"]
[EventCountry "DEN"]

1. e4 c5 2. Nf3 e6 3. d4 cxd4 4. Nxd4 Nc6 5. Nc3 Qc7 6. Be3 a6 7. Qd2 Nf6 8. f4
Bb4 9. Bd3 Na5 10. a3 Bxc3 11. Qxc3 Qxc3+ 12. bxc3 d5 13. exd5 Nxd5 14. Bd2 Ne7
15. c4 Nac6 16. Nf3 Bd7 17. O-O f6 18. Rab1 O-O-O 19. Be3 Be8 20. Rfe1 Bf7 21.
Nd2 Nf5 22. Bf2 Nd6 23. c5 Ne8 24. Nc4 Kc7 25. Be4 Rb8 26. Rb6 e5 27. Bxc6 bxc6
28. Na5 Kc8 29. fxe5 fxe5 30. Rxe5 Rxb6 31. cxb6 Nd6 32. Re7 Bd5 33. Bg3 Rd8
34. Bxd6 1-0

[Event "Copenhagen Chess Challenge 2016"]
[Site "Ballerup"]
[Date "2016.04.23"]
[Round "6"]
[White "Danielsen, Henrik"]
[Black "Englert, Fabian"]
[Result "1-0"]
[WhiteElo "2480"]
[BlackElo "2391"]
[PlyCount "121"]
[EventDate "2016.04.20"]
[EventType "swiss"]
[EventRounds "9"]
[EventCountry "DEN"]

1. e4 c5 2. g3 d5 3. d3 Nc6 4. Bg2 Nf6 5. Nc3 dxe4 6. dxe4 Qxd1+ 7. Kxd1 Bg4+
8. f3 O-O-O+ 9. Bd2 Bd7 10. Kc1 h6 11. Nge2 e5 12. Rd1 Be7 13. b3 g5 14. Kb2
Rhg8 15. Be3 Nd4 16. Nc1 Be6 17. Nd3 Bd6 18. Na4 b6 19. c3 Nc6 20. c4 Nd4 21.
Nc3 h5 22. Rac1 Kb8 23. Nb5 Nxb5 24. cxb5 Ne8 25. Rd2 Nc7 26. a4 Bc8 27. Rcd1
f6 28. Nb4 cxb4 29. Rxd6 Ne6 30. Bf1 Rxd6 31. Rxd6 Rd8 32. Rxd8 Nxd8 33. Bd2 a5
34. bxa6 Nc6 35. Bc4 Ka7 36. h4 gxh4 37. gxh4 Nd4 38. Be3 Nxf3 39. a5 Bxa6 40.
Bxb6+ Kb7 41. Bd5+ Kb8 42. Bf2 Bd3 43. Bf7 Bxe4 44. Bxh5 Kb7 45. Bxf3 Bxf3 46.
Bc5 Kc6 47. Bxb4 f5 48. Kc2 Bh5 49. Bc3 e4 50. Bd2 Kb5 51. b4 Be2 52. Kc3 Kc6
53. Kd4 Kd6 54. Bf4+ Kc6 55. Ke3 Bd1 56. Be5 Kd5 57. Bf6 Ba4 58. h5 Ke6 59. Bd4
Kf7 60. Kf4 Bc2 61. a6 1-0

[Event "Copenhagen Chess Challenge 2016"]
[Site "Ballerup"]
[Date "2016.04.23"]
[Round "6"]
[White "Demuth, Adrien"]
[Black "Thybo, Jesper Sondergaard"]
[Result "1-0"]
[WhiteElo "2550"]
[BlackElo "2358"]
[PlyCount "71"]
[EventDate "2016.04.20"]
[EventType "swiss"]
[EventRounds "9"]
[EventCountry "DEN"]

1. d4 d5 2. c4 c6 3. Nf3 Nf6 4. Nc3 g6 5. Bf4 dxc4 6. e3 Be6 7. Ng5 Bd5 8. e4
h6 9. exd5 hxg5 10. dxc6 Nxc6 11. Bxg5 Qxd4 12. Qxd4 Nxd4 13. O-O-O O-O-O 14.
Bxc4 Ng4 15. Rhe1 f6 16. Re4 e5 17. Rxg4 fxg5 18. h3 Rh4 19. Ne4 Be7 20. Kb1
Rf8 21. Re1 Kd7 22. Bd3 Rf4 23. f3 Rf8 24. Nf2 Bc5 25. Rxh4 gxh4 26. Ng4 Nc6
27. Bb5 Rf5 28. Bxc6+ bxc6 29. Nxe5+ Ke6 30. Nxg6+ Kf6 31. Nxh4 Rh5 32. Rc1 Kf7
33. g4 Rxh4 34. Rxc5 Rxh3 35. Rxc6 Rxf3 36. Rc7+ 1-0

[Event "Copenhagen Chess Challenge 2016"]
[Site "Ballerup"]
[Date "2016.04.23"]
[Round "6"]
[White "Semcesen, Daniel"]
[Black "Kristensen, Kaare Hove"]
[Result "1/2-1/2"]
[WhiteElo "2454"]
[BlackElo "2341"]
[PlyCount "54"]
[EventDate "2016.04.20"]
[EventType "swiss"]
[EventRounds "9"]
[EventCountry "DEN"]

1. d4 d5 2. c4 e6 3. Nc3 c5 4. e3 cxd4 5. exd4 Nf6 6. Nf3 Bb4 7. Bd3 dxc4 8.
Bxc4 O-O 9. O-O Nbd7 10. Qe2 a6 11. a4 Qa5 12. Bd2 Nb6 13. Bb3 Nbd5 14. Rfc1
Bd7 15. Nxd5 exd5 16. Rc5 b5 17. Qd1 Bxd2 18. Qxd2 Qxd2 19. Nxd2 bxa4 20. Bxa4
Rab8 21. Bxd7 Rxb2 22. Nf1 Nxd7 23. Rxd5 Nf6 24. Rda5 Rb4 25. Rd1 Rd8 26. Rxa6
h6 27. h3 Rbxd4 1/2-1/2

[Event "Copenhagen Chess Challenge 2016"]
[Site "Ballerup"]
[Date "2016.04.23"]
[Round "6"]
[White "Hoi, Carsten"]
[Black "Haub, Thorsten Michael"]
[Result "1/2-1/2"]
[WhiteElo "2393"]
[BlackElo "2359"]
[PlyCount "86"]
[EventDate "2016.04.20"]
[EventType "swiss"]
[EventRounds "9"]
[EventCountry "DEN"]

1. d4 f5 2. Bg5 g6 3. Nf3 Bg7 4. e3 Nf6 5. Nbd2 d6 6. c3 h6 7. Bxf6 Bxf6 8. Qc2
e5 9. dxe5 dxe5 10. O-O-O Qe7 11. g4 Nc6 12. gxf5 gxf5 13. e4 f4 14. Qb3 Qc5
15. Rg1 Bd7 16. Qxb7 Rb8 17. Nb3 Qb6 18. Qxb6 Rxb6 19. Nc5 Bc8 20. b4 Ke7 21.
Bc4 h5 22. Ng5 Nd8 23. h4 Rd6 24. f3 Nb7 25. Nxb7 Bxb7 26. Bd5 c6 27. Bc4 Rxd1+
28. Kxd1 Bc8 29. Ke2 Bd7 30. a4 Rh6 31. Bf7 Rh8 32. Bg6 a5 33. Kd3 Ra8 34. bxa5
Rxa5 35. Bxh5 Rxa4 36. Bg4 Be8 37. Rb1 Ra2 38. Rb7+ Kd6 39. Rh7 Rh2 40. Nf7+
Bxf7 41. Rxf7 Bxh4 42. Kc4 Be7 43. Rg7 Ra2 1/2-1/2

[Event "Copenhagen Chess Challenge 2016"]
[Site "Ballerup"]
[Date "2016.04.23"]
[Round "6"]
[White "Fries Nielsen, Jens Ove"]
[Black "Hove, Esben Kjems"]
[Result "1/2-1/2"]
[WhiteElo "2389"]
[BlackElo "2232"]
[PlyCount "93"]
[EventDate "2016.04.20"]
[EventType "swiss"]
[EventRounds "9"]
[EventCountry "DEN"]

1. d4 d5 2. Nf3 Nf6 3. Nbd2 Bf5 4. Nh4 Bg4 5. h3 Bh5 6. g4 Bg6 7. e3 e6 8. Nxg6
hxg6 9. Bd3 Nbd7 10. c3 c5 11. Qf3 a6 12. a4 e5 13. Qg2 exd4 14. exd4 cxd4 15.
cxd4 Qe7+ 16. Kd1 O-O-O 17. g5 Ne4 18. Nxe4 dxe4 19. Qxe4 Qxe4 20. Bxe4 Nc5 21.
Bc2 Rxd4+ 22. Ke2 Rc4 23. Bb1 Nb3 24. Bd3 Rch4 25. Rb1 Bc5 26. Be3 Bxe3 27.
fxe3 Rxh3 28. Rxh3 Rxh3 29. Bc4 Rh2+ 30. Kd3 Nc5+ 31. Kd4 Nxa4 32. Bxf7 Rd2+
33. Ke5 Nxb2 34. Rc1+ Kd8 35. Bxg6 b5 36. Rc6 a5 37. Bf5 Nc4+ 38. Ke4 Nd6+ 39.
Ke5 Nf7+ 40. Ke4 Nxg5+ 41. Kf4 Nf7 42. Rc8+ Ke7 43. e4 g5+ 44. Ke3 Rb2 45. Rc7+
Kf8 46. Rc8+ Kg7 47. Rc7 1/2-1/2

[Event "Copenhagen Chess Challenge 2016"]
[Site "Ballerup"]
[Date "2016.04.23"]
[Round "6"]
[White "Jorgensen, Dennis"]
[Black "Matthiesen, Martin"]
[Result "1/2-1/2"]
[WhiteElo "2201"]
[BlackElo "2377"]
[PlyCount "22"]
[EventDate "2016.04.20"]
[EventType "swiss"]
[EventRounds "9"]
[EventCountry "DEN"]

1. d4 e6 2. c4 b6 3. Nf3 Bb7 4. g3 f5 5. Bg2 Nf6 6. O-O g6 7. Bf4 Bg7 8. Nc3
O-O 9. Qd2 a5 10. Rfd1 Na6 11. Rac1 Ne4 1/2-1/2

[Event "Copenhagen Chess Challenge 2016"]
[Site "Ballerup"]
[Date "2016.04.23"]
[Round "6"]
[White "Sylvan, Jacob"]
[Black "Rishovd, Svein"]
[Result "0-1"]
[WhiteElo "2327"]
[BlackElo "2103"]
[PlyCount "60"]
[EventDate "2016.04.20"]
[EventType "swiss"]
[EventRounds "9"]
[EventCountry "DEN"]

1. e4 c5 2. Nf3 Nc6 3. Nc3 Nf6 4. Bb5 Qc7 5. O-O Nd4 6. Bc4 e6 7. h3 a6 8. a4
Nxe4 9. Nxe4 d5 10. Bd3 dxe4 11. Bxe4 Bd7 12. b3 Be7 13. Nxd4 cxd4 14. Bb2 f5
15. Bd3 Bf6 16. Re1 O-O 17. Bc4 Rae8 18. Ba3 Rf7 19. Qf3 b5 20. axb5 axb5 21.
Bd3 g6 22. Bb4 e5 23. Qd5 Bc6 24. Qd6 Qb7 25. Ba5 Bxg2 26. Bxb5 Bh1 27. Bf1 Bd5
28. Bb6 Re6 29. Qc5 Rxb6 30. Ra5 Rd7 0-1

[Event "Copenhagen Chess Challenge 2016"]
[Site "Ballerup"]
[Date "2016.04.23"]
[Round "6"]
[White "Nilssen, John Arni"]
[Black "Boe Olsen, Filip"]
[Result "1-0"]
[WhiteElo "2300"]
[BlackElo "2176"]
[PlyCount "79"]
[EventDate "2016.04.20"]
[EventType "swiss"]
[EventRounds "9"]
[EventCountry "DEN"]

1. Nf3 d5 2. b3 Nf6 3. Bb2 g6 4. c4 c6 5. e3 Bg7 6. Be2 O-O 7. O-O b6 8. Qc2
Bb7 9. Ne5 c5 10. Bf3 Qc7 11. Nc3 dxc4 12. Nb5 Qc8 13. bxc4 Bxf3 14. Nxf3 Nc6
15. d4 cxd4 16. exd4 a6 17. Na3 e6 18. Rab1 Rd8 19. Rfc1 Ne7 20. Qb3 Rb8 21. d5
exd5 22. cxd5 Qf5 23. Be5 Rb7 24. Nc4 Ne8 25. d6 Nc8 26. Na5 Rbd7 27. Nc6 Bxe5
28. Nfxe5 Nexd6 29. Nxd8 Qxe5 30. Nc6 Qf5 31. Rd1 Rc7 32. Rbc1 Qg5 33. Qg3 Qf6
34. Qe5 Qxe5 35. Nxe5 Re7 36. Nc4 Nb7 37. Ne3 Nbd6 38. Rc6 Re6 39. Nc4 Nxc4 40.
Rxc8+ 1-0

[Event "Copenhagen Chess Challenge 2016"]
[Site "Ballerup"]
[Date "2016.04.23"]
[Round "6"]
[White "Jacobsen, Mikkel Manosri"]
[Black "Andreasen, Joan Hendrik"]
[Result "0-1"]
[WhiteElo "2210"]
[BlackElo "2227"]
[PlyCount "36"]
[EventDate "2016.04.20"]
[EventType "swiss"]
[EventRounds "9"]
[EventCountry "DEN"]

1. d4 Nf6 2. Nc3 d5 3. Bg5 Nbd7 4. e3 g6 5. Nf3 Bg7 6. Bd3 O-O 7. h4 h5 8. Ne5
Nxe5 9. dxe5 Ng4 10. Be2 c6 11. Bxg4 Bxg4 12. f3 Be6 13. g4 hxg4 14. h5 Bxe5
15. Bh6 Re8 16. hxg6 fxg6 17. fxg4 Qd6 18. O-O Bxc3 0-1

[Event "Copenhagen Chess Challenge 2016"]
[Site "Ballerup"]
[Date "2016.04.23"]
[Round "6"]
[White "Kabadayi, Can"]
[Black "Boe, Mads"]
[Result "1/2-1/2"]
[WhiteElo "2174"]
[BlackElo "2303"]
[PlyCount "99"]
[EventDate "2016.04.20"]
[EventType "swiss"]
[EventRounds "9"]
[EventCountry "DEN"]

1. Nf3 d5 2. d4 Nf6 3. c4 c6 4. Qb3 e6 5. g3 Ne4 6. Bg2 Bd6 7. O-O Nd7 8. Na3
O-O 9. Nc2 b6 10. Nb4 Bb7 11. cxd5 cxd5 12. Nd3 Rc8 13. Bf4 Nb8 14. Rfc1 Nc6
15. Qd1 Bxf4 16. Nxf4 Qd6 17. Nd3 Ba6 18. e3 Rc7 19. Bf1 Rfc8 20. Rc2 Bxd3 21.
Bxd3 Nb4 22. Rxc7 Qxc7 23. Bxe4 dxe4 24. Ng5 h6 25. Nxe4 Qc2 26. Nd6 Rc6 27.
Nb5 Nd3 28. Qxc2 Rxc2 29. Nxa7 Nxf2 30. b4 Nh3+ 31. Kh1 Nf2+ 32. Kg1 Nh3+ 33.
Kh1 Ng5 34. Rf1 Rxa2 35. Nc8 Rb2 36. Nd6 f5 37. h4 Nh3 38. Rc1 g5 39. b5 Kg7
40. Rc6 Nf2+ 41. Kg1 Ng4 42. Nc4 Rb1+ 43. Kg2 Rxb5 44. Rxe6 Rb3 45. d5 Rc3 46.
Nd6 Rc2+ 47. Kg1 Rc1+ 48. Kg2 Rc2+ 49. Kg1 Rc1+ 50. Kg2 1/2-1/2

[Event "Copenhagen Chess Challenge 2016"]
[Site "Ballerup"]
[Date "2016.04.23"]
[Round "6"]
[White "Laustsen, Lars"]
[Black "Tsiolakidis, Anastasios"]
[Result "0-1"]
[WhiteElo "2128"]
[BlackElo "2288"]
[PlyCount "68"]
[EventDate "2016.04.20"]
[EventType "swiss"]
[EventRounds "9"]
[EventCountry "DEN"]

1. d4 d5 2. c4 e6 3. Nf3 Nf6 4. g3 Bb4+ 5. Bd2 Be7 6. Bg2 Nbd7 7. O-O O-O 8.
Qc2 c6 9. Rd1 Ne4 10. Be1 f5 11. Ne5 Nxe5 12. dxe5 Qb6 13. Nc3 a5 14. Rac1 Bg5
15. e3 Be7 16. Qe2 a4 17. f3 Ng5 18. Bf2 Qa6 19. Rc2 dxc4 20. f4 Nf7 21. e4 b5
22. exf5 exf5 23. Qf3 b4 24. Ne2 Nd8 25. Rdc1 Be6 26. Rd2 a3 27. bxa3 Qxa3 28.
Rxd8 Rfxd8 29. Qxc6 Ra6 30. Qb7 b3 31. axb3 cxb3 32. Rb1 Bc5 33. Bxc5 Qxc5+ 34.
Kh1 Ra7 0-1

[Event "Copenhagen Chess Challenge 2016"]
[Site "Ballerup"]
[Date "2016.04.23"]
[Round "6"]
[White "Fredericia, Louise Winther"]
[Black "Haugli, Petter"]
[Result "0-1"]
[WhiteElo "2127"]
[BlackElo "2259"]
[PlyCount "116"]
[EventDate "2016.04.20"]
[EventType "swiss"]
[EventRounds "9"]
[EventCountry "DEN"]

1. e4 c5 2. Nc3 e6 3. f4 d5 4. Bb5+ Bd7 5. Bxd7+ Qxd7 6. exd5 exd5 7. Nf3 Nc6
8. d3 Nf6 9. O-O Be7 10. Ne5 Qc7 11. Nxc6 bxc6 12. f5 O-O 13. Bg5 Rfe8 14. Qd2
Ng4 15. Bf4 Bd6 16. h3 Bxf4 17. Rxf4 Nf6 18. Raf1 Re5 19. Qf2 Qd6 20. g4 h6 21.
h4 d4 22. Ne4 Nxe4 23. dxe4 c4 24. g5 Rae8 25. gxh6 gxh6 26. f6 Kh8 27. Rg4 Qe6
28. Rg7 Qh3 29. Qxd4 Rxe4 30. Qd2 Rg4+ 31. Rxg4 Qxg4+ 32. Qg2 Qd4+ 33. Qf2 Rg8+
34. Kh2 Qxb2 35. Re1 Qb8+ 36. Kh1 Qd6 37. Re4 Rg6 38. Rf4 Qd5+ 39. Kh2 c3 40.
a4 a5 41. Qf3 Qd2+ 42. Qf2 Rg4 43. Rf3 Rxh4+ 44. Kg2 Rg4+ 45. Kh2 Qxf2+ 46.
Rxf2 Rxa4 47. Rf5 Ra2 48. Kg3 a4 49. Ra5 Kh7 50. Kf4 Kg6 51. Ke5 h5 52. Ra8
Rxc2 53. Rg8+ Kh6 54. Rh8+ Kg5 55. Rg8+ Kh4 56. Ra8 Re2+ 57. Kd6 Re6+ 58. Kc5
Re4 0-1

[Event "Copenhagen Chess Challenge 2016"]
[Site "Ballerup"]
[Date "2016.04.23"]
[Round "6"]
[White "Thorsbro, Peter"]
[Black "Andersen, Soren Mikkel"]
[Result "1-0"]
[WhiteElo "2250"]
[BlackElo "2114"]
[PlyCount "69"]
[EventDate "2016.04.20"]
[EventType "swiss"]
[EventRounds "9"]
[EventCountry "DEN"]

1. d4 d5 2. c4 c6 3. Nc3 Nf6 4. Nf3 e6 5. Bg5 dxc4 6. e4 b5 7. e5 h6 8. Bh4 g5
9. Nxg5 hxg5 10. Bxg5 Nbd7 11. exf6 Bb7 12. g3 c5 13. d5 Qb6 14. Bg2 O-O-O 15.
O-O b4 16. Na4 Qb5 17. a3 exd5 18. axb4 cxb4 19. Re1 Nc5 20. Nxc5 Bxc5 21. Re7
Bxe7 22. fxe7 Rdg8 23. h4 a5 24. Bh3+ Kc7 25. Bf4+ Kb6 26. Qd4+ Ka6 27. Bc7 Bc8
28. Qf6+ Kb7 29. Rxa5 Qxa5 30. Bxa5 Bxh3 31. Qb6+ Ka8 32. Qc6+ Kb8 33. Bc7+ Ka7
34. Qb6+ Ka8 35. Qa6# 1-0

[Event "Copenhagen Chess Challenge 2016"]
[Site "Ballerup"]
[Date "2016.04.23"]
[Round "6"]
[White "Stigar, Petter"]
[Black "Karlsson, Ulf"]
[Result "1/2-1/2"]
[WhiteElo "2229"]
[BlackElo "2026"]
[PlyCount "49"]
[EventDate "2016.04.20"]
[EventType "swiss"]
[EventRounds "9"]
[EventCountry "DEN"]

1. d4 Nf6 2. Nf3 d5 3. c4 e6 4. Nc3 c5 5. cxd5 exd5 6. g3 Nc6 7. Bg2 Be7 8. O-O
O-O 9. dxc5 Bxc5 10. Bg5 d4 11. Ne4 Be7 12. Bxf6 Bxf6 13. b4 Nxb4 14. Nxf6+
Qxf6 15. Qxd4 Qe7 16. Qe5 Qxe5 17. Nxe5 Re8 18. Rfd1 Bf5 19. Nc4 Rxe2 20. Bxb7
Rb8 21. Ne3 Bg6 22. a3 Nc2 23. Nxc2 Rxc2 24. Bd5 h6 25. Ra2 1/2-1/2

[Event "Copenhagen Chess Challenge 2016"]
[Site "Ballerup"]
[Date "2016.04.23"]
[Round "6"]
[White "De Seroux, Camille"]
[Black "Thuesen, Mogens Henrik"]
[Result "1/2-1/2"]
[WhiteElo "2125"]
[BlackElo "2209"]
[PlyCount "117"]
[EventDate "2016.04.20"]
[EventType "swiss"]
[EventRounds "9"]
[EventCountry "DEN"]

1. e4 c5 2. Nf3 Nc6 3. d4 cxd4 4. Nxd4 Nf6 5. Nc3 e5 6. Ndb5 d6 7. Bg5 a6 8.
Na3 Be6 9. Nc4 Rc8 10. Ne3 Qb6 11. Rb1 Nxe4 12. Nxe4 h6 13. Nc4 Bxc4 14. Bxc4
Qb4+ 15. Nd2 hxg5 16. Qg4 Rd8 17. c3 Qa5 18. Qxg5 d5 19. Bb3 g6 20. O-O Rh5 21.
Qg4 e4 22. Rfe1 Bd6 23. Nf1 Ne5 24. Qe2 Kf8 25. Ng3 Rh4 26. Rbd1 Nd3 27. Rxd3
exd3 28. Qxd3 d4 29. Qc4 Rf4 30. Ne2 b5 31. Qd3 Rg4 32. Nxd4 Rxd4 33. Qh3 Kg7
34. Bxf7 Kxf7 35. Qe6+ Kg7 36. cxd4 Qc7 37. g3 Qf7 38. d5 Bc5 39. Qxf7+ Kxf7
40. Re6 Rd6 41. Rxd6 Bxd6 42. f4 Kf6 43. Kf2 g5 44. fxg5+ Kxg5 45. Ke3 Kf5 46.
Kd4 Be7 47. b3 Bd6 48. a4 bxa4 49. bxa4 a5 50. Kc4 Ke4 51. Kb5 Kxd5 52. Kxa5
Kc5 53. Ka6 Kb4 54. Kb6 Kxa4 55. Kc6 Bb8 56. Kd5 Kb5 57. g4 Bxh2 58. g5 Bf4 59.
g6 1/2-1/2

[Event "Copenhagen Chess Challenge 2016"]
[Site "Ballerup"]
[Date "2016.04.23"]
[Round "6"]
[White "Slettebo, Jan"]
[Black "Eriksson, Christian Altenburg"]
[Result "1/2-1/2"]
[WhiteElo "2030"]
[BlackElo "2195"]
[PlyCount "80"]
[EventDate "2016.04.20"]
[EventType "swiss"]
[EventRounds "9"]
[EventCountry "DEN"]

1. e4 c5 2. Nf3 Nc6 3. d4 cxd4 4. Nxd4 e5 5. Nb5 d6 6. N1c3 a6 7. Na3 Be7 8.
Be3 Nf6 9. Nd5 Nxd5 10. exd5 Nd4 11. Bd3 Nf5 12. Bxf5 Bxf5 13. O-O O-O 14. c4
Rc8 15. Rc1 Bg5 16. Qd2 Bxe3 17. Qxe3 Qf6 18. Rc3 Qh4 19. Rd1 Qg4 20. f3 Qh4
21. c5 Qa4 22. Rd2 Rxc5 23. Rxc5 dxc5 24. Qxe5 Bd7 25. Qe4 Qa5 26. Re2 g6 27.
Nc4 Qxa2 28. Nd6 Qa1+ 29. Kf2 Qd1 30. Qc4 b6 31. Qxa6 Qxd5 32. Qxb6 Bc6 33. Ne4
Qd4+ 34. Kg3 Bxe4 35. Rxe4 Qd5 36. b4 cxb4 37. Qxb4 Qg5+ 38. Kf2 Rd8 39. Re2 h5
40. Qe7 Qxe7 1/2-1/2

[Event "Copenhagen Chess Challenge 2016"]
[Site "Ballerup"]
[Date "2016.04.23"]
[Round "6"]
[White "Andersen, Lars Ren"]
[Black "Vasli, Aref"]
[Result "1-0"]
[WhiteElo "2194"]
[BlackElo "2164"]
[PlyCount "203"]
[EventDate "2016.04.20"]
[EventType "swiss"]
[EventRounds "9"]
[EventCountry "DEN"]

1. e4 e5 2. Nf3 Nc6 3. Bb5 a6 4. Ba4 Nf6 5. O-O Be7 6. Re1 b5 7. Bb3 d6 8. c3
O-O 9. h3 Bb7 10. d4 Re8 11. Nbd2 Bf8 12. d5 Nb8 13. Nf1 c6 14. Bg5 c5 15. Bc2
c4 16. Qd2 Nbd7 17. Ng3 g6 18. Nh2 Be7 19. Bh6 Kh8 20. Rad1 Bc8 21. Nf3 Ng8 22.
Be3 Rf8 23. Nh2 Rb8 24. a3 a5 25. Qe2 Bg5 26. Qd2 Bxe3 27. Rxe3 Qg5 28. Rf1 Ne7
29. Ne2 b4 30. axb4 axb4 31. cxb4 Ba6 32. Ra1 Rb6 33. Nf3 Qf6 34. Rea3 Nb8 35.
Ra5 Kg7 36. R1a4 Bb5 37. Ra3 Ba6 38. Ba4 Rc8 39. b5 Bb7 40. Ne1 Nd7 41. Rc3 Qh4
42. Bc2 f5 43. Nf3 Qf6 44. Ng3 f4 45. Nf1 Rc5 46. Ba4 g5 47. Qe2 Bc8 48. N1d2
Rb7 49. Nxc4 h5 50. Nh2 Qg6 51. Ra6 Rxc4 52. Rxc4 Nb6 53. Rc3 Bd7 54. b3 g4 55.
hxg4 hxg4 56. Rc6 Bxc6 57. dxc6 Rb8 58. Qxg4 Qxg4 59. Nxg4 Kf7 60. Kf1 Ke6 61.
Ke2 d5 62. exd5+ Nexd5 63. f3 Rg8 64. Ra7 Kd6 65. Kf2 Rg6 66. Rh7 Rg5 67. Rh6+
Ke7 68. Nh2 Nf6 69. Rh8 Nfd5 70. Rh4 Kd6 71. Ng4 Ke7 72. Rh6 Kd8 73. Re6 Kc7
74. Rxe5 Rg7 75. Re6 Rf7 76. Re4 Nc3 77. Rd4 Nbd5 78. Rd3 Rf5 79. g3 fxg3+ 80.
Kxg3 Ne2+ 81. Kf2 Nef4 82. Rd4 Nh3+ 83. Kg3 Ng1 84. Rd3 Ne2+ 85. Kf2 Nef4 86.
Rd1 Nh3+ 87. Kg3 Ng5 88. Rd3 Nb6 89. Nf2 Ne6 90. Ne4 Rf8 91. Rd1 Rg8+ 92. Kf2
Nf4 93. Nc3 Rg5 94. Rd4 Ne6 95. Rd1 Rc5 96. Re1 Nf4 97. Re7+ Kd8 98. Rb7 Nc8
99. Ke3 Ne6 100. Ne4 Re5 101. b6 Rd5 102. Rb8 1-0

[Event "Copenhagen Chess Challenge 2016"]
[Site "Ballerup"]
[Date "2016.04.23"]
[Round "6"]
[White "Overmark, Ole"]
[Black "Rendboe, John Filip"]
[Result "0-1"]
[WhiteElo "1763"]
[BlackElo "2179"]
[PlyCount "58"]
[EventDate "2016.04.20"]
[EventType "swiss"]
[EventRounds "9"]
[EventCountry "DEN"]

1. Nf3 Nf6 2. g3 g6 3. c4 Bg7 4. Nc3 c5 5. d4 cxd4 6. Nxd4 Nc6 7. Nxc6 bxc6 8.
Bg2 O-O 9. O-O Rb8 10. Qc2 Qc7 11. Bd2 d5 12. cxd5 cxd5 13. Rac1 d4 14. Nd5
Nxd5 15. Bxd5 Qxc2 16. Rxc2 Bf5 17. Rc7 Rxb2 18. Rd1 e6 19. Bb3 d3 20. Bc1 Rxe2
21. Be3 a5 22. Bc4 Rc2 23. Rc5 Rd8 24. f3 Bd4 25. Bxd4 Rxd4 26. Rc8+ Kg7 27.
Ba6 Rxc8 28. Bxc8 d2 29. g4 Bc2 0-1

[Event "Copenhagen Chess Challenge 2016"]
[Site "Ballerup"]
[Date "2016.04.23"]
[Round "6"]
[White "Hagen, Anders Gjerdrum"]
[Black "Philipsen, William Horup"]
[Result "1-0"]
[WhiteElo "2262"]
[BlackElo "1970"]
[PlyCount "65"]
[EventDate "2016.04.20"]
[EventType "swiss"]
[EventRounds "9"]
[EventCountry "DEN"]

1. d4 d5 2. c4 e5 3. dxe5 d4 4. Nf3 Nc6 5. a3 f6 6. exf6 Qxf6 7. g3 Bf5 8. Bg2
h6 9. O-O O-O-O 10. Nbd2 g5 11. Qa4 Nge7 12. b4 d3 13. Ra2 dxe2 14. Re1 Qe6 15.
b5 g4 16. bxc6 gxf3 17. cxb7+ Kb8 18. Bxf3 Bd3 19. Bxe2 Bxe2 20. Nf3 Qxc4 21.
Qxc4 Bxc4 22. Rc2 Bd3 23. Rd2 Nc6 24. Red1 Bc5 25. Rxd3 Rdf8 26. Bf4 h5 27. Rc1
Rf5 28. Nh4 Nd4 29. Rxd4 Bxd4 30. Bxc7+ Kxb7 31. Nxf5 Bb2 32. Rb1 Kxc7 33. Rxb2
1-0

[Event "Copenhagen Chess Challenge 2016"]
[Site "Ballerup"]
[Date "2016.04.23"]
[Round "6"]
[White "Moe, Mogens"]
[Black "Stuhr, Peter Sebastian"]
[Result "1-0"]
[WhiteElo "2160"]
[BlackElo "1957"]
[PlyCount "39"]
[EventDate "2016.04.20"]
[EventType "swiss"]
[EventRounds "9"]
[EventCountry "DEN"]

1. e4 d6 2. d4 Nf6 3. Nc3 e5 4. Nf3 Nbd7 5. Bc4 Be7 6. O-O h6 7. a4 a5 8. Qe2
exd4 9. Nxd4 Ne5 10. Bb3 g5 11. Nf5 Bf8 12. f4 gxf4 13. Bxf4 Ng6 14. e5 Nxf4
15. Rxf4 Nh7 16. Bxf7+ Kxf7 17. Qh5+ Ke6 18. Nd4+ Kd7 19. e6+ Ke7 20. Qf7# 1-0